Documento español siglo XIX (Record no. 5055)
[ view plain ]
| 000 -CABECERA | |
|---|---|
| campo de control de longitud fija | 00934nam a2200253 a 4500 |
| 001 - NÚMERO DE CONTROL | |
| campo de control | BRCA_5361 |
| 005 - FECHA Y HORA DE LA ÚLTIMA TRANSACCIÓN | |
| campo de control | 20190320205039.0 |
| 008 - DATOS DE LONGITUD FIJA--INFORMACIÓN GENERAL | |
| campo de control de longitud fija | 081210s1874----sp-####f#v---#000-0#spa-# |
| 041 ## - CÓDIGO DE LENGUA | |
| Código de lengua del texto/banda sonora o título independiente | spa |
| 044 ## - CÓDIGO DEL PAÍS DE LA ENTIDAD EDITORA/PRODUCTORA | |
| Código MARC del país | sp |
| 084 ## - OTRO NÚMERO DE CLASIFICACIÓN | |
| Número de clasificación | DOC3 |
| Número de documento/Ítem | .F43 |
| -- | 1874 |
| -- | D1995 |
| 100 1# - ENTRADA PRINCIPAL--NOMBRE DE PERSONA | |
| Nombre de persona | Ramón, Federico de |
| 9 (RLIN) | 13727 |
| 245 10 - MENCIÓN DE TÍTULO | |
| Título | Documento español siglo XIX |
| Mención de responsabilidad, etc. | Federico de Ramón. |
| 260 ## - PUBLICACIÓN, DISTRIBUCIÓN, ETC. | |
| Lugar de publicación, distribución, etc. | España |
| Fecha de publicación, distribución, etc. | 1874 |
| 300 ## - DESCRIPCIÓN FÍSICA | |
| Extensión | [1] fojas |
| Dimensiones | 21 x 30 cm. |
| 500 ## - NOTA GENERAL | |
| Nota general | Documento firmado el 31 de marzo de 1874. |
| 500 ## - NOTA GENERAL | |
| Nota general | Documento en el cual el Ayuntamiento Popular de Santander nombra como Alférez a Don Federico de Ramón. |
| 500 ## - NOTA GENERAL | |
| Nota general | Contiene escudo y lema:´MILICIA NACIONAL DE SANTANDER´. |
| 500 ## - NOTA GENERAL | |
| Nota general | Donación del Sr. Gonzalo Tassier el 10 de agosto de 1995. |
| 506 0# - NOTA DE RESTRICCIONES AL ACCESO | |
| Limitaciones de acceso | Fondo Reservado. Para su consulta es necesario credencial de usuario y carta de motivos. |
| 600 14 - PUNTO DE ACCESO ADICIONAL DE MATERIA--NOMBRE DE PERSONA | |
| Nombre de persona | Ramón, Federico de |
| 9 (RLIN) | 13727 |
| 902 ## - CATALOGADOR | |
| Iniciales | DDH |
| 942 ## - ELEMENTOS DE PUNTO DE ACCESO ADICIONAL (KOHA) | |
| Fuente del sistema de clasificación o colocación | Library of Congress Classification |
| Tipo de ítem Koha | Documentos |
| Estado de retiro | Estado de pérdida | Estado dañado | No para préstamo | Localización permanente | Ubicación/localización actual | Fecha de adquisición | Total de préstamos | Signatura topográfica completa | Código de barras | Fecha visto por última vez | Precio válido a partir de | Tipo de ítem Koha |
|---|---|---|---|---|---|---|---|---|---|---|---|---|
| El ejemplar forma parte de la colección y puede ser consultado según las políticas vigentes. | Biblioteca del Museo Franz Mayer (Rogerio Casas-Alatriste) | Biblioteca del Museo Franz Mayer (Rogerio Casas-Alatriste) | 08/12/2010 | DOC3 .F43 1874 D1995 | 5796 | 22/03/2019 | 22/03/2019 | Documentos |